000 00347nam a2200133Ia 4500
005 20260328101528.0
008 260328s9999||||xx |||||||||||||| ||und||
100 _aGauzin-Müller, Dominique
245 0 _aSustainable Living /
_cDominique Gauzin-Müller
260 _bBirkhäuser
300 _a159 p.
650 _aARQUITECTURA Y CLIMA
942 _cBK
999 _c9880
_d9880